|
|
|
|
| LEADER |
00747nta a2200205 i 4500 |
| 001 |
dipl86341 |
| 005 |
20200914104219.0 |
| 008 |
200914s2018 hu om 0|| hun d |
| 040 |
|
|
|a SZTE Diploma Repozitórium
|b hun
|
| 041 |
|
|
|a hun
|
| 100 |
1 |
|
|a Burkus Lilla
|
| 245 |
1 |
0 |
|a Pollenek és spórák, mint bűnügyi bizonyítékok
|h [elektronikus dokumentum] /
|c Lilla Burkus
|
| 246 |
1 |
0 |
|a Pollen and spores, as criminal evidences
|h [elektronikus dokumentum]
|
| 260 |
|
|
|c 2018
|
| 650 |
|
4 |
|a Természettudományok
|
| 650 |
|
4 |
|a Plant biology
|
| 650 |
|
4 |
|a Law, criminology, penology
|
| 700 |
0 |
2 |
|a Véseiné Szőllősi Réka
|e ths
|
| 700 |
0 |
2 |
|a Bozó Csaba
|e ths
|
| 856 |
4 |
0 |
|u https://diploma.bibl.u-szeged.hu/id/eprint/86341/2/2019_burkus_lilla.pdf
|z Dokumentum-elérés
|